[Event "4th Sabbiadoro-Master 2018"]
[Site "Lignano Sabbiadoro"]
[Date "2018.08.03"]
[Round "7.4"]
[White "Zuttioni, Federico"]
[Black "Simonetto, Andrea"]
[Result "1-0"]
[WhiteElo "2141"]
[BlackElo "2173"]
[Annotator "NA"]
[PlyCount "69"]
[EventDate "2018.07.29"]
[EventType "swiss"]
[EventCountry "ITA"]
[SourceTitle "playchess.com"]
[Source "ChessBase"]
[SourceQuality "1"]
[TimeControl "5400+30"]

1. e4 {[%emt 0:03:30]} c6 {[%emt 0:00:30]} 2. d4 {[%emt 0:00:00]} d5 {[%emt 0:00:00]} 3. e5 {[%emt 0:00:00]} c5 {[%emt 0:00:00]} 4. dxc5 {[%emt 0:00:30]} e6 {[%emt 0:00:00]} 5. Nf3 {[%emt 0:04:30]} Bxc5 {[%emt 0:00:00]} 6. a3 {[%emt 0:02:30]} Ne7 {[%emt 0:00:30]} 7. b4 {[%emt 0:00:30]} Bb6 {[%emt 0:00:30]} 8. Bd3 {[%emt 0:02:30]} Ng6 {[%emt 0:00:30]} 9. O-O {[%emt 0:02:30]} O-O {[%emt 0:00:30]} 10. Bb2 {[%emt 0:17:30]} Nc6 {[%emt 0:01:30]} 11. Nbd2 {[%emt 0:06:30]} a5 {[%emt 0:04:30]} 12. b5 {[%emt 0:04:30]} Nce7 {[%emt 0:00:30]} 13. g3 {[%emt 0:07:30]} f6 {[%emt 0:03:30]} 14. Qe2 {[%emt 0:07:30]} Bd7 {[%emt 0:08:30]} 15. a4 {[%emt 0:04:30]} Qe8 {[%emt 0:03:30]} 16. Rad1 {[%emt 0:02:30]} Qf7 {[%emt 0:08:30]} 17. Nb3 {[%emt 0:09:30]} Rac8 {[%emt 0:09:30]} 18. Rd2 {[%emt 0:03:11]} fxe5 {[%emt 0:08:30]} 19. Nxe5 {[%emt 0:01:20]} Nxe5 {[%emt 0:00:00]} 20. Bxe5 {[%emt 0:00:39]} Ng6 {[%emt 0:00:00]} 21. Qh5 {[%emt 0:03:09]} Be8 {[%emt 0:06:30]} 22. Re2 {[%emt 0:05:07]} h6 {[%emt 0:18:30]} 23. Bd6 {[%emt 0:04:01]} Qf3 {[%emt 0:05:31]} 24. Qxf3 {[%emt 0:00:43]} Rxf3 {[%emt 0:00:29]} 25. Rxe6 {[%emt 0:00:38]} Bd7 {[%emt 0:02:39]} 26. Rxg6 {[%emt 0:03:39]} Bh3 {[%emt 0:00:03]} 27. Be5 {[%emt 0:00:30]} Bxf1 {[%emt 0:00:23]} 28. Bxf1 {[%emt 0:03:01]} Bxf2+ {[%emt 0:01:29]} 29. Kg2 {[%emt 0:00:08]} Rf7 {[%emt 0:01:32]} 30. Bd3 {[%emt 0:00:16]} Be3 {[%emt 0:00:28]} 31. Bd4 {[%emt 0:00:33]} Bg5 {[%emt 0:00:38]} 32. Rd6 {[%emt 0:00:43]} Rd8 {[%emt 0:00:40]} 33. Rxd8+ {[%emt 0:00:24]} Bxd8 {[%emt 0:00:02]} 34. b6 {[%emt 0:00:44]} Bf6 {[%emt 0:00:27]} 35. c4 {[%emt 0:01:09]} 1-0

[Event "4th Sabbiadoro-Master 2018"]
[Site "Lignano Sabbiadoro"]
[Date "2018.08.03"]
[Round "7.5"]
[White "Migliorini, Matteo"]
[Black "Medici, Simone"]
[Result "1-0"]
[WhiteElo "2130"]
[BlackElo "2286"]
[Annotator "NA"]
[PlyCount "117"]
[EventDate "2018.07.29"]
[EventType "swiss"]
[EventCountry "ITA"]
[SourceTitle "playchess.com"]
[Source "ChessBase"]
[SourceQuality "1"]
[TimeControl "5400+30"]

1. e4 {[%emt 0:00:30]} Nc6 {[%emt 0:00:30]} 2. Nf3 {[%emt 0:01:30]} e5 {[%emt 0:00:30]} 3. Bb5 {[%emt 0:00:00]} a6 {[%emt 0:00:30]} 4. Ba4 {[%emt 0:00:00]} Nf6 {[%emt 0:00:00]} 5. d3 {[%emt 0:00:30]} d6 {[%emt 0:01:00]} 6. c3 {[%emt 0:00:30]} Be7 {[%emt 0:00:30]} 7. O-O {[%emt 0:00:30]} O-O {[%emt 0:00:30]} 8. Re1 {[%emt 0:02:30]} Bg4 {[%emt 0:01:30]} 9. h3 {[%emt 0:00:30]} Bh5 {[%emt 0:02:30]} 10. Nbd2 {[%emt 0:01:30]} h6 {[%emt 0:03:30]} 11. g4 {[%emt 0:04:30]} Bg6 {[%emt 0:03:30]} 12. Nf1 {[%emt 0:00:30]} Nh7 {[%emt 0:02:30]} 13. Ne3 {[%emt 0:10:30]} Bg5 {[%emt 0:05:30]} 14. Kg2 {[%emt 0:04:30]} b5 {[%emt 0:11:30]} 15. Bc2 {[%emt 0:01:30]} Qd7 {[%emt 0:01:30]} 16. Nf5 {[%emt 0:07:30]} Bxf5 {[%emt 0:01:30]} 17. gxf5 {[%emt 0:01:30]} Bf4 {[%emt 0:07:30]} 18. Bxf4 {[%emt 0:11:30]} exf4 {[%emt 0:00:30]} 19. d4 {[%emt 0:00:30]} Rad8 {[%emt 0:06:30]} 20. Nh2 {[%emt 0:07:30]} Qe7 {[%emt 0:06:30]} 21. Rg1 {[%emt 0:05:30]} Qh4 {[%emt 0:11:30]} 22. Nf3 {[%emt 0:08:30]} Qh5 {[%emt 0:00:30]} 23. Ne1 {[%emt 0:01:30]} Qxd1 {[%emt 0:04:30]} 24. Rxd1 {[%emt 0:00:00]} g5 {[%emt 0:00:30]} 25. Nd3 {[%emt 0:03:00]} Rfe8 {[%emt 0:00:30]} 26. Kf3 {[%emt 0:02:30]} Kf8 {[%emt 0:02:30]} 27. Rge1 {[%emt 0:00:30]} Nf6 {[%emt 0:05:30]} 28. e5 {[%emt 0:04:30]} Nd7 {[%emt 0:01:54]} 29. exd6 {[%emt 0:05:24]} cxd6 {[%emt 0:00:14]} 30. h4 {[%emt 0:01:39]} Ne7 {[%emt 0:02:29]} 31. hxg5 {[%emt 0:01:00]} hxg5 {[%emt 0:00:10]} 32. Kg4 {[%emt 0:00:39]} f6 {[%emt 0:03:30]} 33. Re6 {[%emt 0:00:21]} Ng8 {[%emt 0:04:25]} 34. Nb4 {[%emt 0:02:27]} Nb8 {[%emt 0:09:23]} 35. Rde1 {[%emt 0:00:28]} a5 {[%emt 0:01:05]} 36. Nd5 {[%emt 0:00:32]} Nd7 {[%emt 0:00:47]} 37. Nc7 {[%emt 0:01:00]} Rxe6 {[%emt 0:00:15]} 38. Nxe6+ {[%emt 0:00:05]} Ke8 {[%emt 0:00:38]} 39. Nxd8+ {[%emt 0:01:02]} Kxd8 {[%emt 0:00:01]} 40. Kh5 {[%emt 0:00:49]} Nf8 {[%emt 0:00:39]} 41. Bd3 {[%emt 0:00:31]} Ne7 {[%emt 0:00:19]} 42. Bxb5 {[%emt 0:00:27]} Nd7 {[%emt 0:01:02]} 43. Bxd7 {[%emt 0:00:26]} Kxd7 {[%emt 0:00:30]} 44. Kg4 {[%emt 0:01:15]} Ng8 {[%emt 0:00:00]} 45. Re6 {[%emt 0:00:32]} Nh6+ {[%emt 0:00:06]} 46. Kh5 {[%emt 0:00:05]} Nxf5 {[%emt 0:00:11]} 47. Rxf6 {[%emt 0:00:47]} Nh4 {[%emt 0:00:30]} 48. Kxg5 {[%emt 0:00:43]} Nf3+ {[%emt 0:00:30]} 49. Kxf4 {[%emt 0:00:59]} Nd2 {[%emt 0:00:32]} 50. Rf5 {[%emt 0:00:10]} a4 {[%emt 0:00:49]} 51. Ra5 {[%emt 0:00:14]} Nc4 {[%emt 0:00:16]} 52. Rxa4 {[%emt 0:00:00]} Nxb2 {[%emt 0:00:17]} 53. Ra6 {[%emt 0:00:00]} Nd3+ {[%emt 0:00:46]} 54. Ke4 {[%emt 0:00:00]} Nxf2+ {[%emt 0:00:49]} 55. Kf5 {[%emt 0:00:00]} Nd3 {[%emt 0:00:39]} 56. Ra7+ {[%emt 0:00:00]} Kc6 {[%emt 0:00:12]} 57. Ke6 {[%emt 0:00:00]} Nb4 {[%emt 0:00:00]} 58. Ra4 {[%emt 0:00:00]} Nc2 {[%emt 0:00:11]} 59. Ra6+ {[%emt 0:00:00]} 1-0

[Event "4th Sabbiadoro-Master 2018"]
[Site "Lignano Sabbiadoro"]
[Date "2018.08.03"]
[Round "7.6"]
[White "Tiraboschi, Nicolo`"]
[Black "Micottis, Dorian"]
[Result "0-1"]
[WhiteElo "2102"]
[BlackElo "2279"]
[Annotator "NA"]
[PlyCount "78"]
[EventDate "2018.07.29"]
[EventType "swiss"]
[EventCountry "ITA"]
[SourceTitle "playchess.com"]
[Source "ChessBase"]
[SourceQuality "1"]
[TimeControl "5400+30"]

1. e4 {[%emt 0:03:30]} c5 {[%emt 0:00:30]} 2. Nf3 {[%emt 0:01:30]} e6 {[%emt 0:00:00]} 3. d3 {[%emt 0:00:30]} Nc6 {[%emt 0:01:00]} 4. g3 {[%emt 0:00:00]} Nf6 {[%emt 0:00:30]} 5. Bg2 {[%emt 0:00:00]} d5 {[%emt 0:00:30]} 6. Nbd2 {[%emt 0:00:30]} g6 {[%emt 0:00:30]} 7. O-O {[%emt 0:00:00]} Bg7 {[%emt 0:00:00]} 8. Re1 {[%emt 0:00:00]} O-O {[%emt 0:00:00]} 9. c3 {[%emt 0:00:30]} b6 {[%emt 0:00:30]} 10. Nf1 {[%emt 0:07:30]} Ba6 {[%emt 0:07:30]} 11. e5 {[%emt 0:02:30]} Nd7 {[%emt 0:00:30]} 12. Bf4 {[%emt 0:00:30]} f6 {[%emt 0:15:30]} 13. exf6 {[%emt 0:01:30]} Qxf6 {[%emt 0:00:30]} 14. d4 {[%emt 0:39:30]} Rae8 {[%emt 0:08:30]} 15. Rc1 {[%emt 0:19:30]} cxd4 {[%emt 0:11:30]} 16. cxd4 {[%emt 0:00:45]} Nxd4 {[%emt 0:00:30]} 17. Nxd4 {[%emt 0:06:32]} Qxd4 {[%emt 0:00:30]} 18. Rc7 {[%emt 0:02:27]} Nc5 {[%emt 0:04:30]} 19. Rxa7 {[%emt 0:01:59]} Qxd1 {[%emt 0:11:30]} 20. Rxd1 {[%emt 0:00:10]} Bxb2 {[%emt 0:00:30]} 21. Rb1 {[%emt 0:02:43]} Bxf1 {[%emt 0:03:30]} 22. Rxb2 {[%emt 0:03:12]} Bxg2 {[%emt 0:00:30]} 23. Kxg2 {[%emt 0:00:17]} e5 {[%emt 0:18:03]} 24. Bh6 {[%emt 0:00:40]} Rf7 {[%emt 0:00:00]} 25. Rxf7 {[%emt 0:00:00]} Kxf7 {[%emt 0:00:04]} 26. Rxb6 {[%emt 0:00:06]} d4 {[%emt 0:00:25]} 27. Rc6 {[%emt 0:00:49]} Ne6 {[%emt 0:00:32]} 28. Kf3 {[%emt 0:03:26]} Ra8 {[%emt 0:02:00]} 29. Rc2 {[%emt 0:00:17]} Ke7 {[%emt 0:00:49]} 30. Bd2 {[%emt 0:02:52]} Kd6 {[%emt 0:00:33]} 31. Bb4+ {[%emt 0:00:43]} Kd5 {[%emt 0:00:05]} 32. Ke2 {[%emt 0:00:45]} e4 {[%emt 0:00:10]} 33. Rd2 {[%emt 0:00:25]} d3+ {[%emt 0:04:43]} 34. Kd1 {[%emt 0:00:19]} Kc4 {[%emt 0:00:19]} 35. Bd6 {[%emt 0:00:42]} Ra6 {[%emt 0:01:07]} 36. Be5 {[%emt 0:00:31]} Ra5 {[%emt 0:00:59]} 37. Bf6 {[%emt 0:00:38]} Rf5 {[%emt 0:02:52]} 38. Bh4 {[%emt 0:00:05]} g5 {[%emt 0:00:22]} 39. g4 {[%emt 0:00:07]} Rb5 {[%emt 0:00:02]} 0-1

[Event "4th Sabbiadoro-Master 2018"]
[Site "Lignano Sabbiadoro"]
[Date "2018.08.03"]
[Round "7.7"]
[White "Favilli, Edoardo"]
[Black "Ventura, Salvatore"]
[Result "1-0"]
[WhiteElo "2116"]
[BlackElo "2185"]
[Annotator "NA"]
[PlyCount "79"]
[EventDate "2018.07.29"]
[EventType "swiss"]
[EventCountry "ITA"]
[SourceTitle "playchess.com"]
[Source "ChessBase"]
[SourceQuality "1"]
[TimeControl "5400+30"]

1. e4 {[%emt 0:05:30]} c5 {[%emt 0:00:30]} 2. Nf3 {[%emt 0:00:00]} Nc6 {[%emt 0:00:00]} 3. Bb5 {[%emt 0:00:00]} Qc7 {[%emt 0:00:00]} 4. O-O {[%emt 0:01:30]} a6 {[%emt 0:00:30]} 5. Bxc6 {[%emt 0:01:30]} dxc6 {[%emt 0:00:30]} 6. h3 {[%emt 0:01:30]} e5 {[%emt 0:00:30]} 7. d3 {[%emt 0:00:30]} Ne7 {[%emt 0:00:30]} 8. Be3 {[%emt 0:01:30]} Ng6 {[%emt 0:00:30]} 9. Nbd2 {[%emt 0:02:30]} f6 {[%emt 0:03:30]} 10. a4 {[%emt 0:03:30]} a5 {[%emt 0:01:30]} 11. Nc4 {[%emt 0:05:30]} Be6 {[%emt 0:01:30]} 12. Nfd2 {[%emt 0:01:30]} b6 {[%emt 0:03:30]} 13. c3 {[%emt 0:02:30]} Be7 {[%emt 0:12:30]} 14. b4 {[%emt 0:08:30]} axb4 {[%emt 0:01:30]} 15. cxb4 {[%emt 0:00:00]} b5 {[%emt 0:04:30]} 16. axb5 {[%emt 0:03:00]} Rxa1 {[%emt 0:00:30]} 17. Qxa1 {[%emt 0:00:00]} cxb5 {[%emt 0:00:30]} 18. Qa6 {[%emt 0:03:00]} Kf7 {[%emt 0:05:30]} 19. Qxb5 {[%emt 0:05:30]} cxb4 {[%emt 0:01:30]} 20. Ra1 {[%emt 0:09:30]} Rb8 {[%emt 0:04:30]} 21. Qa4 {[%emt 0:10:30]} Nf4 {[%emt 0:10:30]} 22. Bxf4 {[%emt 0:06:30]} exf4 {[%emt 0:00:00]} 23. Qc2 {[%emt 0:01:30]} Rc8 {[%emt 0:09:00]} 24. Rc1 {[%emt 0:01:30]} Qc5 {[%emt 0:06:30]} 25. Nb3 {[%emt 0:06:34]} Qg5 {[%emt 0:01:30]} 26. Kf1 {[%emt 0:02:03]} f3 {[%emt 0:00:30]} 27. gxf3 {[%emt 0:00:18]} Bxh3+ {[%emt 0:01:30]} 28. Ke2 {[%emt 0:00:06]} Be6 {[%emt 0:03:30]} 29. Nd4 {[%emt 0:10:14]} Bxc4 {[%emt 0:15:04]} 30. dxc4 {[%emt 0:00:33]} Bc5 {[%emt 0:00:30]} 31. Nb3 {[%emt 0:00:43]} f5 {[%emt 0:00:30]} 32. Rd1 {[%emt 0:00:02]} fxe4 {[%emt 0:01:54]} 33. Rd5 {[%emt 0:00:32]} exf3+ {[%emt 0:03:48]} 34. Kxf3 {[%emt 0:00:21]} Qg6 {[%emt 0:04:12]} 35. Qxg6+ {[%emt 0:00:27]} Kxg6 {[%emt 0:00:08]} 36. Rxc5 {[%emt 0:00:11]} Rf8+ {[%emt 0:00:10]} 37. Kg3 {[%emt 0:01:05]} h5 {[%emt 0:00:16]} 38. f3 {[%emt 0:01:35]} h4+ {[%emt 0:00:12]} 39. Kg4 {[%emt 0:00:10]} h3 {[%emt 0:00:55]} 40. Rg5+ {[%emt 0:00:07]} 1-0

[Event "4th Sabbiadoro-Master 2018"]
[Site "Lignano Sabbiadoro"]
[Date "2018.08.03"]
[Round "7.8"]
[White "Siclari, Giovanni"]
[Black "Peric, Slavisa"]
[Result "1/2-1/2"]
[WhiteElo "2185"]
[BlackElo "2120"]
[Annotator "NA"]
[PlyCount "35"]
[EventDate "2018.07.29"]
[EventType "swiss"]
[EventCountry "ITA"]
[SourceTitle "playchess.com"]
[Source "ChessBase"]
[SourceQuality "1"]
[TimeControl "5400+30"]

1. Nf3 {[%emt 0:00:30]} d5 {[%emt 0:05:30]} 2. d4 {[%emt 0:00:00]} e6 {[%emt 0:00:30]} 3. c4 {[%emt 0:01:00]} dxc4 {[%emt 0:00:00]} 4. e3 {[%emt 0:02:30]} Nf6 {[%emt 0:05:00]} 5. Bxc4 {[%emt 0:00:30]} a6 {[%emt 0:00:30]} 6. a4 {[%emt 0:01:30]} c5 {[%emt 0:00:30]} 7. O-O {[%emt 0:00:30]} Nc6 {[%emt 0:00:30]} 8. Qe2 {[%emt 0:01:30]} Qc7 {[%emt 0:02:30]} 9. Nc3 {[%emt 0:03:30]} Be7 {[%emt 0:00:30]} 10. h3 {[%emt 0:11:30]} O-O {[%emt 0:03:30]} 11. dxc5 {[%emt 0:04:30]} Bxc5 {[%emt 0:02:30]} 12. e4 {[%emt 0:01:30]} Ne5 {[%emt 0:09:30]} 13. Nxe5 {[%emt 0:11:30]} Qxe5 {[%emt 0:05:30]} 14. Kh1 {[%emt 0:10:30]} Nh5 {[%emt 0:02:30]} 15. Qg4 {[%emt 0:12:30]} Nf6 {[%emt 0:13:30]} 16. Qe2 {[%emt 0:15:25]} Nh5 {[%emt 0:04:30]} 17. Qg4 {[%emt 0:02:18]} Nf6 {[%emt 0:00:30]} 18. Qe2 1/2-1/2

[Event "4th Sabbiadoro-Master 2018"]
[Site "Lignano Sabbiadoro"]
[Date "2018.08.03"]
[Round "7.9"]
[White "Sponchiado, Dario"]
[Black "Sgnaolin, Davide"]
[Result "0-1"]
[WhiteElo "2059"]
[BlackElo "2267"]
[Annotator "NA"]
[PlyCount "54"]
[EventDate "2018.07.29"]
[EventType "swiss"]
[EventCountry "ITA"]
[SourceTitle "playchess.com"]
[Source "ChessBase"]
[SourceQuality "1"]
[TimeControl "5400+30"]

1. c4 {[%emt 0:03:30]} c5 {[%emt 0:00:30]} 2. Nc3 {[%emt 0:01:30]} Nc6 {[%emt 0:00:30]} 3. g3 {[%emt 0:00:30]} g6 {[%emt 0:00:30]} 4. Bg2 {[%emt 0:00:00]} Bg7 {[%emt 0:00:00]} 5. e3 {[%emt 0:03:00]} e5 {[%emt 0:01:00]} 6. Nge2 {[%emt 0:01:30]} Nge7 {[%emt 0:01:30]} 7. O-O {[%emt 0:03:30]} d6 {[%emt 0:02:30]} 8. a3 {[%emt 0:04:30]} O-O {[%emt 0:00:30]} 9. Rb1 {[%emt 0:01:30]} a5 {[%emt 0:12:30]} 10. h3 {[%emt 0:04:30]} Rb8 {[%emt 0:02:30]} 11. Nd5 {[%emt 0:05:30]} b5 {[%emt 0:03:30]} 12. d3 {[%emt 0:11:30]} bxc4 {[%emt 0:14:30]} 13. dxc4 {[%emt 0:01:30]} Ba6 {[%emt 0:00:30]} 14. Qa4 {[%emt 0:06:30]} Nxd5 {[%emt 0:10:30]} 15. Bxd5 {[%emt 0:01:30]} Ne7 {[%emt 0:00:30]} 16. Bg2 {[%emt 0:01:30]} d5 {[%emt 0:00:30]} 17. Bd2 {[%emt 0:08:30]} Bxc4 {[%emt 0:03:30]} 18. Rfe1 {[%emt 0:11:30]} Qd6 {[%emt 0:14:30]} 19. b4 {[%emt 0:05:30]} cxb4 {[%emt 0:09:30]} 20. axb4 {[%emt 0:01:30]} Bd3 {[%emt 0:00:30]} 21. Rb2 {[%emt 0:00:30]} e4 {[%emt 0:00:34]} 22. Nd4 {[%emt 0:00:30]} Nf5 {[%emt 0:05:04]} 23. b5 {[%emt 0:02:26]} Nxd4 {[%emt 0:01:38]} 24. exd4 {[%emt 0:00:19]} Qb6 {[%emt 0:00:13]} 25. Bxa5 {[%emt 0:07:25]} Qxd4 {[%emt 0:00:33]} 26. Rb4 {[%emt 0:00:25]} Qc5 {[%emt 0:03:31]} 27. b6 {[%emt 0:05:53]} Ra8 {[%emt 0:02:40]} 0-1

[Event "4th Sabbiadoro-Master 2018"]
[Site "Lignano Sabbiadoro"]
[Date "2018.08.03"]
[Round "7.10"]
[White "Grochowalski, Pawel"]
[Black "Mufic, Goran"]
[Result "1/2-1/2"]
[WhiteElo "2049"]
[BlackElo "2299"]
[Annotator "NA"]
[PlyCount "27"]
[EventDate "2018.07.29"]
[EventType "swiss"]
[EventCountry "ITA"]
[SourceTitle "playchess.com"]
[Source "ChessBase"]
[SourceQuality "1"]
[TimeControl "5400+30"]

1. d4 {[%emt 0:00:30]} d5 {[%emt 0:00:30]} 2. c4 {[%emt 0:00:00]} Bf5 {[%emt 0:00:00]} 3. cxd5 {[%emt 0:01:00]} Bxb1 {[%emt 0:00:00]} 4. Qa4+ {[%emt 0:00:00]} c6 {[%emt 0:00:00]} 5. dxc6 {[%emt 0:00:00]} Nxc6 {[%emt 0:00:00]} 6. Rxb1 {[%emt 0:00:30]} Qxd4 {[%emt 0:00:30]} 7. Qxd4 {[%emt 0:00:30]} Nxd4 {[%emt 0:00:00]} 8. e3 {[%emt 0:00:30]} Nc6 {[%emt 0:00:00]} 9. Bb5 {[%emt 0:01:30]} e6 {[%emt 0:05:30]} 10. Bxc6+ {[%emt 0:02:30]} bxc6 {[%emt 0:00:00]} 11. Bd2 {[%emt 0:00:00]} Nf6 {[%emt 0:01:00]} 12. Nf3 {[%emt 0:01:00]} Bd6 {[%emt 0:04:30]} 13. Ke2 {[%emt 0:00:30]} c5 {[%emt 0:01:30]} 14. Bc3 {[%emt 0:07:30]} 1/2-1/2

[Event "4th Sabbiadoro-Master 2018"]
[Site "Lignano Sabbiadoro"]
[Date "2018.08.04"]
[Round "8.1"]
[White "Kalegin, Evgenij"]
[Black "Brankovic, Dejan"]
[Result "1-0"]
[WhiteElo "2431"]
[BlackElo "2330"]
[Annotator "NA"]
[PlyCount "87"]
[EventDate "2018.07.29"]
[EventType "swiss"]
[EventCountry "ITA"]
[SourceTitle "playchess.com"]
[Source "ChessBase"]
[SourceQuality "1"]
[TimeControl "5400+30"]

1. e4 {[%emt 0:00:30]} c5 {[%emt 0:00:30]} 2. Nf3 {[%emt 0:00:00]} d6 {[%emt 0:00:30]} 3. Bb5+ {[%emt 0:01:00]} Nd7 {[%emt 0:00:30]} 4. c3 {[%emt 0:01:30]} Ngf6 {[%emt 0:00:00]} 5. Qe2 {[%emt 0:00:30]} a6 {[%emt 0:00:00]} 6. Ba4 {[%emt 0:00:30]} b5 {[%emt 0:00:30]} 7. Bc2 {[%emt 0:00:00]} Bb7 {[%emt 0:01:30]} 8. O-O {[%emt 0:01:00]} e5 {[%emt 0:03:30]} 9. d4 {[%emt 0:00:30]} Be7 {[%emt 0:01:30]} 10. dxe5 {[%emt 0:03:30]} dxe5 {[%emt 0:05:30]} 11. Rd1 {[%emt 0:02:30]} Qc7 {[%emt 0:00:30]} 12. c4 {[%emt 0:00:30]} bxc4 {[%emt 0:23:30]} 13. Nbd2 {[%emt 0:02:30]} c3 {[%emt 0:12:30]} 14. Nc4 {[%emt 0:01:30]} O-O {[%emt 0:00:30]} 15. bxc3 {[%emt 0:01:30]} Rfe8 {[%emt 0:02:30]} 16. Bg5 {[%emt 0:04:30]} Bf8 {[%emt 0:09:30]} 17. Rd2 {[%emt 0:09:30]} h6 {[%emt 0:01:30]} 18. Bh4 {[%emt 0:00:30]} g5 {[%emt 0:02:30]} 19. Bg3 {[%emt 0:01:30]} Nh5 {[%emt 0:00:00]} 20. Qd1 {[%emt 0:11:30]} Red8 {[%emt 0:21:34]} 21. Nfxe5 {[%emt 0:05:30]} Nxg3 {[%emt 0:00:20]} 22. Nxd7 {[%emt 0:00:30]} Bg7 {[%emt 0:01:59]} 23. hxg3 {[%emt 0:13:30]} Bxc3 {[%emt 0:00:03]} 24. Ba4 {[%emt 0:00:30]} Bc6 {[%emt 0:04:02]} 25. Bxc6 {[%emt 0:03:30]} Qxc6 {[%emt 0:00:55]} 26. Rd6 {[%emt 0:02:30]} Qxe4 {[%emt 0:00:22]} 27. Rc1 {[%emt 0:06:30]} Bd4 {[%emt 0:02:18]} 28. Qf3 {[%emt 0:01:30]} Qxf3 {[%emt 0:00:28]} 29. gxf3 {[%emt 0:00:30]} Kg7 {[%emt 0:02:17]} 30. Kf1 {[%emt 0:04:30]} Ra7 {[%emt 0:00:47]} 31. Nxc5 {[%emt 0:01:30]} Rxd6 {[%emt 0:00:50]} 32. Nxd6 {[%emt 0:00:00]} Kg6 {[%emt 0:00:14]} 33. Nb3 {[%emt 0:00:00]} Be5 {[%emt 0:00:54]} 34. Rc6 {[%emt 0:00:30]} f6 {[%emt 0:00:07]} 35. Nc4 {[%emt 0:00:30]} Bc3 {[%emt 0:00:14]} 36. Nca5 {[%emt 0:02:30]} Bb4 {[%emt 0:00:19]} 37. g4 {[%emt 0:00:59]} Re7 {[%emt 0:02:42]} 38. Rxa6 {[%emt 0:00:44]} Re1+ {[%emt 0:00:04]} 39. Kg2 {[%emt 0:00:00]} Re2 {[%emt 0:00:09]} 40. Nc6 {[%emt 0:00:32]} Bc3 {[%emt 0:01:27]} 41. Ncd4 {[%emt 0:02:01]} Rb2 {[%emt 0:00:19]} 42. Nf5 {[%emt 0:01:10]} Bb4 {[%emt 0:00:33]} 43. Ra7 {[%emt 0:00:34]} Bf8 {[%emt 0:00:05]} 44. Nbd4 {[%emt 0:00:36]} 1-0

[Event "4th Sabbiadoro-Master 2018"]
[Site "Lignano Sabbiadoro"]
[Date "2018.08.04"]
[Round "8.2"]
[White "Bentivegna, Francesco"]
[Black "Migliorini, Matteo"]
[Result "1-0"]
[WhiteElo "2248"]
[BlackElo "2130"]
[Annotator "NA"]
[PlyCount "89"]
[EventDate "2018.07.29"]
[EventType "swiss"]
[EventCountry "ITA"]
[SourceTitle "playchess.com"]
[Source "ChessBase"]
[SourceQuality "1"]
[TimeControl "5400+30"]

1. e4 {[%emt 0:03:30]} c5 {[%emt 0:00:30]} 2. Nc3 {[%emt 0:00:30]} Nc6 {[%emt 0:00:00]} 3. Bb5 {[%emt 0:00:00]} g6 {[%emt 0:02:00]} 4. Bxc6 {[%emt 0:00:00]} bxc6 {[%emt 0:01:30]} 5. d3 {[%emt 0:03:30]} Bg7 {[%emt 0:00:30]} 6. f4 {[%emt 0:01:30]} d6 {[%emt 0:01:30]} 7. Nf3 {[%emt 0:00:30]} Rb8 {[%emt 0:00:30]} 8. O-O {[%emt 0:01:30]} e6 {[%emt 0:07:30]} 9. Qe1 {[%emt 0:04:30]} Ne7 {[%emt 0:01:30]} 10. b3 {[%emt 0:02:30]} O-O {[%emt 0:11:30]} 11. Bd2 {[%emt 0:01:30]} f6 {[%emt 0:10:30]} 12. Kh1 {[%emt 0:09:30]} Kh8 {[%emt 0:14:30]} 13. e5 {[%emt 0:10:30]} fxe5 {[%emt 0:10:30]} 14. fxe5 {[%emt 0:00:30]} d5 {[%emt 0:00:30]} 15. Na4 {[%emt 0:10:30]} c4 {[%emt 0:04:30]} 16. dxc4 {[%emt 0:00:30]} dxc4 {[%emt 0:00:30]} 17. Bb4 {[%emt 0:07:30]} cxb3 {[%emt 0:08:30]} 18. axb3 {[%emt 0:00:00]} Rf5 {[%emt 0:02:45]} 19. Rd1 {[%emt 0:05:00]} Qe8 {[%emt 0:03:58]} 20. Bd6 {[%emt 0:00:30]} Ba6 {[%emt 0:01:38]} 21. Rf2 {[%emt 0:07:30]} Rd8 {[%emt 0:00:29]} 22. Nc5 {[%emt 0:02:30]} Bc8 {[%emt 0:00:12]} 23. Rfd2 {[%emt 0:01:30]} Qf7 {[%emt 0:02:03]} 24. Nd4 {[%emt 0:06:36]} Rf4 {[%emt 0:06:08]} 25. g3 {[%emt 0:01:33]} Rxd4 {[%emt 0:06:44]} 26. Rxd4 {[%emt 0:00:12]} Nf5 {[%emt 0:01:25]} 27. R4d3 {[%emt 0:02:07]} Nxd6 {[%emt 0:00:46]} 28. exd6 {[%emt 0:00:42]} Qf5 {[%emt 0:00:16]} 29. d7 {[%emt 0:01:05]} Qxc5 {[%emt 0:00:17]} 30. dxc8=Q {[%emt 0:00:25]} Rxc8 {[%emt 0:00:31]} 31. Rd8+ {[%emt 0:01:27]} Rxd8 {[%emt 0:00:03]} 32. Rxd8+ {[%emt 0:00:01]} Bf8 {[%emt 0:00:07]} 33. Qxe6 {[%emt 0:05:47]} Qf2 {[%emt 0:00:05]} 34. Qe5+ {[%emt 0:00:47]} Kg8 {[%emt 0:00:02]} 35. Qf4 {[%emt 0:00:16]} Qe1+ {[%emt 0:00:28]} 36. Kg2 {[%emt 0:00:02]} Qe2+ {[%emt 0:00:09]} 37. Qf2 {[%emt 0:00:20]} Qe4+ {[%emt 0:00:37]} 38. Kg1 {[%emt 0:00:23]} Qe7 {[%emt 0:00:17]} 39. Ra8 {[%emt 0:01:00]} Qb4 {[%emt 0:00:55]} 40. h4 {[%emt 0:03:00]} a5 {[%emt 0:00:51]} 41. Kh2 {[%emt 0:00:06]} Qa3 {[%emt 0:02:03]} 42. c3 {[%emt 0:00:27]} Qe7 {[%emt 0:00:56]} 43. Rxa5 {[%emt 0:00:19]} Qb7 {[%emt 0:00:05]} 44. b4 {[%emt 0:00:59]} Bd6 {[%emt 0:00:13]} 45. Ra7 {[%emt 0:00:54]} 1-0